Analýza stavu duševného vlastníctva v podnikoch

Podstata duševného vlastníctva. Vybrané ukazovatele vývoja duševného potenciálu v ekonomike. Analýza stavu duševného vlastníctva v podnikoch.

Saved in:
Bibliographic Details
Main Author: Škrovánková, Lea, 1954-
Other Authors: Matušovič, Martin, Šálek, Martin
Format: Book Chapter
Language:Slovak
Subjects:
Tags: Add Tag
No Tags, Be the first to tag this record!

MARC

LEADER 00000naa a2200000 4500
001 0158197
005 20240502072745.7
041 0 |a slo 
044 |a SK 
245 1 0 |a Analýza stavu duševného vlastníctva v podnikoch  |c Lea Škrovánková, Martin Matušovič, Martin Šálek 
520 |a Podstata duševného vlastníctva. Vybrané ukazovatele vývoja duševného potenciálu v ekonomike. Analýza stavu duševného vlastníctva v podnikoch. 
610 2 0 |a metódy matematicko-štatistické 
610 2 0 |a vlastníctvo duševné 
610 2 0 |a podnik 
610 2 0 |a prieskum informačný 
610 2 0 |a dotazníky 
100 1 |a Škrovánková, Lea, 1954- 
700 1 |a Matušovič, Martin 
700 1 |a Šálek, Martin